Valčík pro klavír na 2 ruce /

Hlavní autor: Moor, Karel, 1873-1945
Jazyk: Nelze použít, není lingvistický obsah
Vydáno: Praha : Barvitius, 1916
Edice: Barvitiova edice
Fyzický popis: 5 s.
Hudebniny Hudebniny
Uloženo v:
LEADER 00724ncm a22002292a 4500
001 001207205
003 CZ BrMZK
005 20120419101831.0
007 qu
008 120419s1916 xr |||||||||||||||||zxx d
040 |a BOA001  |b cze 
072 7 |a 786  |x Hudba pro klávesové nástroje  |2 Konspekt  |9 9 
100 1 |a Moor, Karel,  |d 1873-1945  |7 jk01082024  |4 cmp 
245 1 0 |a Valčík  |h [hudebnina] :  |b pro klavír na 2 ruce /  |c Karel Moor 
260 |a Praha :  |b Barvitius,  |c 1916 
300 |a 5 s. 
490 1 |a Barvitiova edice ;  |v č. 95 
830 0 |a Barvitiova edice 
910 |a BOA001  |b Mus4-0670.238 
990 |a MU 
991 |b 201204 
996 6 |b 2619092713  |c Mus4-0670.238  |l MZK  |r Sklad / do 1 hodiny  |n 2  |w 001240833  |u 000010  |a 1  |e BOA001  |j MZK50  |s P